[Event "Hillerod Klubmesterskab Mester"]
[Site "Hillerod"]
[Date "????.??.??"]
[Round "1"]
[White "Andersen, Soren Bull"]
[Black "Jacobsen, Hans Endrup"]
[Result "0-1"]
[WhiteElo "2064"]
[BlackElo "1940"]
[PlyCount "100"]
[EventDate "2017.??.??"]
[EventType "tourn"]
[EventRounds "9"]
[EventCountry "DEN"]

1. d4 Nf6 2. Bg5 d5 3. Bxf6 exf6 4. e3 Bd6 5. Bd3 O-O 6. Nd2 c6 7. c3 Re8 8. g4
Nd7 9. Qf3 a5 10. Ne2 Nf8 11. O-O-O a4 12. e4 Be6 13. c4 dxc4 14. Nxc4 Bxc4 15.
Bxc4 Qc7 16. Kb1 a3 17. b3 Ne6 18. h4 Rad8 19. Bxe6 Rxe6 20. g5 Rde8 21. gxf6
Rxf6 22. Qe3 Bf4 23. Qd3 Bh6 24. f3 Qa5 25. e5 Rg6 26. f4 Rg2 27. Rhg1 Rxg1 28.
Rxg1 Qd5 29. Nc3 Qd8 30. Rg4 f5 31. exf6 Qxf6 32. Ne2 Qe6 33. Rg2 Qe4 34. Qxe4
Rxe4 35. Rf2 g6 36. Kc2 Re3 37. h5 gxh5 38. Rg2+ Kf7 39. Ng3 Kf6 40. Nxh5+ Kf5
41. Kd2 Rh3 42. Ng7+ Kxf4 43. Kc2 Ke4 44. Ne6 Kd5 45. Nc5 Kxd4 46. Nxb7 Rc3+
47. Kd1 Rc1+ 48. Ke2 Rc2+ 49. Kf3 Rxg2 50. Kxg2 Kc3 0-1

[Event "Hillerod Klubmesterskab Mester"]
[Site "Hillerod"]
[Date "????.??.??"]
[Round "1"]
[White "Holm, Henrik"]
[Black "Oland, Arne"]
[Result "0-1"]
[WhiteElo "1810"]
[BlackElo "1897"]
[PlyCount "142"]
[EventDate "2017.??.??"]
[EventType "tourn"]
[EventRounds "9"]
[EventCountry "DEN"]

1. e4 e6 2. d4 d5 3. Nc3 Bb4 4. e5 Ne7 5. a3 Bxc3+ 6. bxc3 c5 7. Qg4 Qc7 8. Bd2
Nbc6 9. Nf3 Nf5 10. Bd3 Nce7 11. Bb5+ Bd7 12. Bxd7+ Kxd7 13. O-O b6 14. Ne1
cxd4 15. cxd4 Qc4 16. c3 Nc6 17. Qh5 Raf8 18. Qd1 h5 19. Rb1 Na5 20. Rb4 Qc6
21. Nf3 Rc8 22. Ng5 Ke7 23. Qe2 Nc4 24. Bc1 b5 25. Qa2 Nb6 26. Bd2 a6 27. Rfb1
Rc7 28. Nh3 Rhc8 29. Nf4 g6 30. Nd3 Na4 31. Rxa4 bxa4 32. Nc5 Kf8 33. Bg5 Kg8
34. Qe2 Qe8 35. g4 hxg4 36. Qxg4 Qf8 37. Kh1 Rxc5 38. dxc5 Qxc5 39. Qf3 Qxa3
40. Bf6 Qf8 41. Qd3 a3 42. Rb4 a5 43. Ra4 Qh6 44. Rxa5 Nh4 45. Qe3 Qxe3 46.
fxe3 Nf3 47. Rxa3 Nd2 48. Kg2 Ne4 49. Be7 Nxc3 50. Kf3 Ne4 51. Ra4 Rc4 52. Ra8+
Kg7 53. Bf8+ Kh7 54. Be7 g5 55. Ra7 Kg6 56. Ra8 Rc7 57. Bf8 Kf5 58. Bg7 g4+ 59.
Ke2 Kg6 60. Bf8 Rc2+ 61. Kf1 Rxh2 62. Bd6 g3 63. Kg1 Rh7 64. Rg8+ Rg7 65. Rh8
Rh7 66. Rg8+ Kf5 67. Rf8 Kg4 68. Ra8 Nf2 69. Ra4+ Kf3 70. Bc5 Ne4 71. Bb6 g2
0-1

[Event "Hillerod Klubmesterskab Mester"]
[Site "Hillerod"]
[Date "????.??.??"]
[Round "1"]
[White "Kuhn, Morten"]
[Black "Pedersen, Carsten"]
[Result "1-0"]
[WhiteElo "1890"]
[BlackElo "1947"]
[PlyCount "105"]
[EventDate "2017.??.??"]
[EventType "tourn"]
[EventRounds "9"]
[EventCountry "DEN"]

1. e4 c5 2. Nf3 d6 3. d4 cxd4 4. Nxd4 Nc6 5. Nc3 g6 6. Bc4 Bg7 7. Be3 Nf6 8. f3
O-O 9. Qd2 a6 10. a4 Na5 11. Bb3 Bd7 12. O-O Rc8 13. Qe2 Kh8 14. Nd1 Qc7 15. c3
Nc4 16. Bf2 e5 17. Nc2 d5 18. exd5 Nxd5 19. Na3 b5 20. axb5 axb5 21. Qe4 Nf6
22. Qe2 Bh6 23. Nxc4 bxc4 24. Ra7 Qc6 25. Ba4 Qe6 26. Re1 Rfe8 27. Ne3 Re7 28.
Bxd7 Nxd7 29. Ng4 Bg7 30. Bh4 f6 31. Bf2 f5 32. Ne3 Nf6 33. Rxe7 Qxe7 34. Nxc4
e4 35. Bd4 Qc7 36. Nd2 exf3 37. gxf3 Qb7 38. Qe6 Rf8 39. b4 Nd5 40. Bxg7+ Kxg7
41. Qe5+ Rf6 42. Nb3 Kf7 43. Nc5 Qc6 44. Kf2 f4 45. Qe4 Nxc3 46. Qc4+ Nd5 47.
b5 Qa8 48. Re5 Rd6 49. b6 Kf6 50. b7 Qd8 51. Qd4 Ne7 52. Ne4+ Kf7 53. Nxd6+ 1-0

[Event "Hillerod Klubmesterskab Mester"]
[Site "Hillerod"]
[Date "????.??.??"]
[Round "1"]
[White "Lavrsen, Frands Winther"]
[Black "Pedersen, Christopher"]
[Result "0-1"]
[WhiteElo "1804"]
[BlackElo "2088"]
[PlyCount "134"]
[EventDate "2017.??.??"]
[EventType "tourn"]
[EventRounds "9"]
[EventCountry "DEN"]

1. e4 e5 2. Nf3 Nc6 3. Bb5 a6 4. Ba4 Nf6 5. O-O b5 6. Bb3 Be7 7. d3 O-O 8. a3
d6 9. h3 Na5 10. Ba2 c5 11. b4 Nb7 12. c4 Bd7 13. Nc3 Qc8 14. Bb2 Kh8 15. Qe2
Bd8 16. cxb5 axb5 17. Nd5 Nxd5 18. Bxd5 Bc6 19. Bxc6 Qxc6 20. Rfc1 Qb6 21. bxc5
Nxc5 22. Qc2 Bf6 23. Nxe5 Qb7 24. Rab1 Na4 25. Nc4 Nxb2 26. Nxb2 Rxa3 27. Nc4
Rc3 28. Qd2 Rxc1+ 29. Qxc1 Qc6 30. Ne3 Qxc1+ 31. Rxc1 Bg5 32. Rb1 Bxe3 33. fxe3
Rb8 34. Kf2 Kg8 35. Ke2 Kf8 36. Kd2 Ke7 37. Kc3 Rc8+ 38. Kb3 Ke6 39. d4 d5 40.
exd5+ Kxd5 41. Kb4 Ke4 42. Rb3 Rc2 43. Rc3 Rb2+ 44. Kc5 b4 45. Rc1 b3 46. Kb4
Kxe3 47. d5 Rd2 48. Kxb3 Rxd5 49. Rc7 Rf5 50. Kc2 Kf2 51. g4 Rf4 52. Kd2 Kg3
53. Ke3 Rf6 54. g5 Rf5 55. g6 hxg6 56. Rc8 Re5+ 57. Kd2 Re7 58. Rh8 g5 59. Rg8
g6 60. Rh8 Re4 61. Rh7 Rf4 62. Ke2 Re4+ 63. Kf1 f5 64. Rd7 Re6 65. Rh7 f4 66.
Rh6 f3 67. h4 f2 0-1

[Event "Hillerod Klubmesterskab Mester"]
[Site "Hillerod"]
[Date "????.??.??"]
[Round "1"]
[White "Ramkilde, Mikael"]
[Black "Andersen, Ib Hother"]
[Result "0-1"]
[WhiteElo "1979"]
[BlackElo "2137"]
[PlyCount "76"]
[EventDate "2017.??.??"]
[EventType "tourn"]
[EventRounds "9"]
[EventCountry "DEN"]

1. e4 c5 2. Nf3 e6 3. d3 Nc6 4. g3 Nf6 5. Bg2 d5 6. Nbd2 Be7 7. O-O Qc7 8. Re1
O-O 9. e5 Nd7 10. Qe2 b5 11. Nf1 Bb7 12. Bf4 Nd4 13. Qd1 Rfc8 14. h4 Nxf3+ 15.
Qxf3 Rab8 16. Qg4 d4 17. Bh6 Bf8 18. f4 Bxg2 19. Kxg2 Kh8 20. Bg5 h6 21. Nd2
hxg5 22. hxg5 g6 23. Rh1+ Kg8 24. Ne4 Bg7 25. Nf6+ Kf8 26. Rh7 Bxf6 27. gxf6
Ke8 28. Rah1 Nf8 29. Rg7 c4 30. Rh8 cxd3 31. Rxg6 Kd7 32. Rg7 Kc6 33. Qf3+ Kb6
34. Qxd3 Qxc2+ 35. Qxc2 Rxc2+ 36. Kf3 d3 37. Rxf7 d2 38. Ke2 Rd8 0-1

[Event "Hillerod Klubmesterskab Mester"]
[Site "Hillerod"]
[Date "????.??.??"]
[Round "2"]
[White "Andersen, Ib Hother"]
[Black "Kuhn, Morten"]
[Result "1-0"]
[WhiteElo "2137"]
[BlackElo "1890"]
[PlyCount "85"]
[EventDate "2017.??.??"]
[EventType "tourn"]
[EventRounds "9"]
[EventCountry "DEN"]

1. e4 g6 2. d4 Bg7 3. Nc3 c5 4. dxc5 Qa5 5. Nge2 Nf6 6. Bd2 Qxc5 7. Be3 Qa5 8.
Qd2 Ng4 9. Bd4 e5 10. Be3 Nxe3 11. Qxe3 Nc6 12. O-O-O b5 13. Kb1 b4 14. Nd5 O-O
15. h4 h6 16. Nc1 Nd4 17. Nb3 Nxb3 18. cxb3 Kh7 19. Bc4 d6 20. h5 g5 21. Ne7
Qc7 22. Nxc8 Raxc8 23. Qd2 Qb6 24. Rh3 Rcd8 25. Rd3 Rd7 26. Rd5 a5 27. Rb5 Qa7
28. f3 Rb8 29. Rd5 Rb6 30. Bb5 Rd8 31. Ba4 f6 32. Rc1 Bf8 33. Qc2 Rb7 34. Qc6
Be7 35. Rxa5 Qb8 36. Qd5 Kg7 37. Rb5 Rxb5 38. Bxb5 Rc8 39. Bc4 Rf8 40. Qe6 Qe8
41. g4 Kh8 42. Bd5 Qd8 43. Qf5 1-0

[Event "Hillerod Klubmesterskab Mester"]
[Site "Hillerod"]
[Date "????.??.??"]
[Round "2"]
[White "Andersen, Soren Bull"]
[Black "Holm, Henrik"]
[Result "1-0"]
[WhiteElo "2064"]
[BlackElo "1810"]
[PlyCount "47"]
[EventDate "2017.??.??"]
[EventType "tourn"]
[EventRounds "9"]
[EventCountry "DEN"]

1. d4 Nf6 2. Bg5 d5 3. Bxf6 gxf6 4. e3 c5 5. Nf3 e6 6. dxc5 Bxc5 7. c4 Qa5+ 8.
Nc3 dxc4 9. Bxc4 Bd7 10. a3 b5 11. Bd3 b4 12. Be4 bxc3 13. b4 Bxb4 14. axb4
Qxb4 15. Bxa8 c2+ 16. Qd2 Qb1+ 17. Qc1 Qb4+ 18. Nd2 Ba4 19. Be4 O-O 20. Bxc2
Bc6 21. Qb1 Qh4 22. Be4 Rd8 23. Bxc6 Rxd2 24. Qxb8+ 1-0

[Event "Hillerod Klubmesterskab Mester"]
[Site "Hillerod"]
[Date "????.??.??"]
[Round "2"]
[White "Jacobsen, Hans Endrup"]
[Black "Pedersen, Carsten"]
[Result "1-0"]
[WhiteElo "1940"]
[BlackElo "1947"]
[PlyCount "91"]
[EventDate "2017.??.??"]
[EventType "tourn"]
[EventRounds "9"]
[EventCountry "DEN"]

1. Nf3 d5 2. d4 Nf6 3. g3 g6 4. Bg2 Bg7 5. O-O O-O 6. c4 c6 7. Nc3 Re8 8. b3
Qb6 9. Ne5 Ng4 10. cxd5 Nxe5 11. dxe5 Bxe5 12. Na4 Qb5 13. Bb2 Bxb2 14. Nxb2
cxd5 15. Bxd5 Bg4 16. Re1 Nd7 17. Qd3 Qxd3 18. Nxd3 Rab8 19. Rac1 Nf6 20. Bg2
Red8 21. Ne5 Be6 22. Nd3 Bd5 23. Bh3 e6 24. Nb4 b6 25. Nxd5 Rxd5 26. Bf1 Rd2
27. a4 Rbd8 28. e4 Ng4 29. Be2 Ne5 30. Red1 R8d4 31. Kf1 Rxd1+ 32. Rxd1 Rxe4
33. f4 Rb4 34. fxe5 Rxb3 35. Kf2 Ra3 36. Rd4 Kf8 37. h4 Ke7 38. Bb5 Kf8 39.
Rd8+ Kg7 40. Ra8 Ra2+ 41. Kf3 Ra3+ 42. Kf4 h6 43. Rxa7 g5+ 44. hxg5 hxg5+ 45.
Kxg5 Rxg3+ 46. Kf4 1-0

[Event "Hillerod Klubmesterskab Mester"]
[Site "Hillerod"]
[Date "????.??.??"]
[Round "2"]
[White "Oland, Arne"]
[Black "Lavrsen, Frands Winther"]
[Result "1-0"]
[WhiteElo "1897"]
[BlackElo "1804"]
[PlyCount "65"]
[EventDate "2017.??.??"]
[EventType "tourn"]
[EventRounds "9"]
[EventCountry "DEN"]

1. d4 d5 2. Nf3 Nc6 3. g3 Nf6 4. Bg2 Bg4 5. O-O e6 6. c3 Bd6 7. Nbd2 O-O 8. Re1
Re8 9. e4 dxe4 10. Nxe4 Nxe4 11. Rxe4 Bf5 12. Re1 Ne7 13. Nh4 c6 14. Nxf5 Nxf5
15. Bd2 Qd7 16. Qc2 h6 17. Rad1 a5 18. a4 Rab8 19. Qe4 Bc7 20. Bc1 c5 21. dxc5
Qc8 22. Rd3 b5 23. axb5 Rxb5 24. Qc6 Qb8 25. c4 Ne7 26. Qxb5 Qc8 27. Red1 Ng6
28. c6 e5 29. Rd7 e4 30. Qd5 Ne5 31. Bf4 Qb8 32. Bxe5 Rxe5 33. Qxf7+ 1-0

[Event "Hillerod Klubmesterskab Mester"]
[Site "Hillerod"]
[Date "????.??.??"]
[Round "2"]
[White "Pedersen, Christopher"]
[Black "Ramkilde, Mikael"]
[Result "1-0"]
[WhiteElo "2088"]
[BlackElo "1979"]
[PlyCount "123"]
[EventDate "2017.??.??"]
[EventType "tourn"]
[EventRounds "9"]
[EventCountry "DEN"]

1. e4 e6 2. d3 c5 3. Nf3 Nc6 4. g3 g6 5. Bg2 Bg7 6. O-O Nge7 7. c3 O-O 8. Be3
b6 9. d4 cxd4 10. Nxd4 Ba6 11. Re1 Ne5 12. Qa4 Bb7 13. Bg5 h6 14. Be3 Nd3 15.
Rf1 d5 16. exd5 Bxd5 17. Bxd5 Qxd5 18. Qa3 Qb7 19. c4 Ne5 20. Nd2 Ng4 21. Rad1
e5 22. Nc2 Nf5 23. f3 Ngxe3 24. Nxe3 Nxe3 25. Qxe3 f5 26. Nb1 Rfe8 27. Rd6 Qf7
28. Kg2 e4 29. fxe4 Kh7 30. Qd3 Qb7 31. Qd5 Qxd5 32. exd5 Bxb2 33. Rf2 Bg7 34.
Rd7 Red8 35. Rxd8 Rxd8 36. Re2 Rd7 37. Na3 a6 38. Re6 Bd4 39. Nc2 Bc5 40. a4
Re7 41. Nd4 Kg7 42. Rxe7+ Bxe7 43. a5 bxa5 44. c5 a4 45. d6 Bxd6 46. cxd6 Kf7
47. Kf3 a3 48. Kf4 a2 49. Nc2 Ke6 50. d7 Kxd7 51. Ke5 Ke7 52. Na1 Kd7 53. Kf6
Kd6 54. Kxg6 Kc5 55. Kxf5 Kd4 56. g4 Kc3 57. Ke4 Kb2 58. Kd3 Kxa1 59. Kc2 a5
60. h4 a4 61. h5 a3 62. g5 1-0

[Event "Hillerod Klubmesterskab Mester"]
[Site "Hillerod"]
[Date "????.??.??"]
[Round "3"]
[White "Holm, Henrik"]
[Black "Jacobsen, Hans Endrup"]
[Result "0-1"]
[WhiteElo "1810"]
[BlackElo "1940"]
[PlyCount "90"]
[EventDate "2017.??.??"]
[EventType "tourn"]
[EventRounds "9"]
[EventCountry "DEN"]

1. e4 c5 2. Nf3 Nc6 3. d4 cxd4 4. Nxd4 e5 5. Nb5 a6 6. Nd6+ Bxd6 7. Qxd6 Qf6 8.
Qxf6 Nxf6 9. f3 d5 10. exd5 Nxd5 11. c3 Bf5 12. Bc4 Rd8 13. O-O O-O 14. Bxd5
Rxd5 15. Nd2 Bd3 16. Re1 b5 17. Nf1 b4 18. Ne3 Rd7 19. cxb4 Nxb4 20. a3 Nc6 21.
Bd2 Nd4 22. Bc3 Ne2+ 23. Rxe2 Bxe2 24. Bxe5 Re8 25. Bf4 Rd4 26. Kf2 Bb5 27. Kg3
Rxf4 28. Kxf4 g5+ 29. Kxg5 Rxe3 30. Rc1 Re2 31. Kf6 Re6+ 32. Kf5 Kg7 33. b4 Re2
34. g3 Rxh2 35. Rc3 Re2 36. Kf4 Kf6 37. Rc5 h6 38. Rf5+ Kg6 39. Rc5 Ra2 40. Rc3
Rd2 41. Ke3 Rd6 42. g4 Rc6 43. Rc5 Rxc5 44. bxc5 Bc6 45. f4 f5 0-1

[Event "Hillerod Klubmesterskab Mester"]
[Site "Hillerod"]
[Date "????.??.??"]
[Round "3"]
[White "Kuhn, Morten"]
[Black "Pedersen, Christopher"]
[Result "1-0"]
[WhiteElo "1890"]
[BlackElo "2088"]
[PlyCount "127"]
[EventDate "2017.??.??"]
[EventType "tourn"]
[EventRounds "9"]
[EventCountry "DEN"]

1. e4 c5 2. Nf3 d6 3. d4 cxd4 4. Nxd4 Nf6 5. Nc3 a6 6. Bg5 e6 7. f4 Qc7 8. Be2
Nbd7 9. Bf3 h6 10. Bh4 Be7 11. Bf2 g5 12. fxg5 hxg5 13. Nb3 Ne5 14. Qd2 Nc4 15.
Qc1 Bd7 16. Be2 b5 17. Bxc4 Qxc4 18. Nd2 Qc6 19. a3 a5 20. O-O b4 21. Ne2 Nxe4
22. Nd4 Qb7 23. Nxe4 Qxe4 24. Re1 Qh7 25. Bg3 f5 26. Nxe6 Bxe6 27. Rxe6 f4 28.
Bxf4 Kd7 29. Rxe7+ Qxe7 30. Bxg5 Qh7 31. Qf4 Rhf8 32. Qd2 Qf5 33. Rd1 Qc5+ 34.
Be3 Qe5 35. axb4 axb4 36. Bd4 Qb5 37. Bg7 Qc6 38. Bd4 Qb5 39. Be3 Rf6 40. g3
Re8 41. h4 Ree6 42. Ra1 Qc4 43. Ra7+ Kc6 44. Ra1 Rf3 45. Bf4 d5 46. Re1 Rg6 47.
Kh2 Rf1 48. b3 Qb5 49. Re8 Kd7 50. Re5 Kc6 51. Qe3 Qc5 52. Re6+ Rxe6 53. Qxe6+
Kb7 54. Qd7+ Ka6 55. Qe6+ Ka5 56. Kh3 Rd1 57. Qe2 Rh1+ 58. Kg4 Qc8+ 59. Kf3 Qf5
60. Kg2 Qh3+ 61. Kf3 Qf5 62. Qe3 Qh5+ 63. Kg2 Qd1 64. Bc7+ 1-0

[Event "Hillerod Klubmesterskab Mester"]
[Site "Hillerod"]
[Date "????.??.??"]
[Round "3"]
[White "Lavrsen, Frands Winther"]
[Black "Andersen, Soren Bull"]
[Result "0-1"]
[WhiteElo "1804"]
[BlackElo "2064"]
[PlyCount "70"]
[EventDate "2017.??.??"]
[EventType "tourn"]
[EventRounds "9"]
[EventCountry "DEN"]

1. f4 d5 2. Nf3 Nf6 3. g3 c5 4. Bg2 Nc6 5. O-O e6 6. b3 Be7 7. Bb2 b5 8. c4
bxc4 9. bxc4 Rb8 10. Be5 Nxe5 11. Nxe5 Bd7 12. cxd5 Nxd5 13. Nc3 Nxc3 14. dxc3
f6 15. Nc6 Bxc6 16. Bxc6+ Kf7 17. Qa4 Qc7 18. f5 Qe5 19. fxe6+ Qxe6 20. Rad1
Rhd8 21. e4 c4 22. Bd5 Bc5+ 23. Rd4 Rxd5 24. exd5 Qxd5 25. Qd1 Rb2 26. Rf2 Bxd4
27. cxd4 c3 28. a4 g6 29. Qd3 Qa2 30. Qxc3 Rxf2 31. Qc7+ Ke6 32. Qc6+ Kf5 33.
Qd7+ Kg5 34. h4+ Kh6 35. Qb7 Rb2 0-1

[Event "Hillerod Klubmesterskab Mester"]
[Site "Hillerod"]
[Date "????.??.??"]
[Round "3"]
[White "Pedersen, Carsten"]
[Black "Andersen, Ib Hother"]
[Result "0-1"]
[WhiteElo "1947"]
[BlackElo "2137"]
[PlyCount "96"]
[EventDate "2017.??.??"]
[EventType "tourn"]
[EventRounds "9"]
[EventCountry "DEN"]

1. d4 Nf6 2. c4 e6 3. Nc3 Bb4 4. Bd2 O-O 5. Nf3 b6 6. g3 Ba6 7. Qb3 Be7 8. Bg2
d5 9. Ne5 c6 10. e3 Bd6 11. cxd5 cxd5 12. Nf3 Qd7 13. Bf1 Bxf1 14. Kxf1 Nc6 15.
Rc1 Na5 16. Qb5 Qb7 17. Na4 Nc4 18. Ke2 a6 19. Qb3 b5 20. Nc3 b4 21. a3 Na5 22.
Qa4 bxc3 23. Bxc3 Nb3 24. Rc2 Rfc8 25. Ne1 Qb5+ 26. Qxb5 axb5 27. Bb4 Ne8 28.
Rc3 Rxc3 29. Bxc3 Na5 30. Nd3 Nc4 31. f3 Rc8 32. Rc1 Rc7 33. e4 dxe4 34. fxe4
Be7 35. Rf1 Nxa3 36. Ba5 Ra7 37. Bb6 Rb7 38. Bc5 Nc4 39. b4 Ned6 40. Ra1 f6 41.
Ra6 Kf7 42. e5 fxe5 43. dxe5 Ne8 44. Ra7 Rxa7 45. Bxa7 Nc7 46. Bc5 Nd5 47. Kf3
Bxc5 48. bxc5 b4 0-1

[Event "Hillerod Klubmesterskab Mester"]
[Site "Hillerod"]
[Date "????.??.??"]
[Round "3"]
[White "Ramkilde, Mikael"]
[Black "Oland, Arne"]
[Result "1-0"]
[WhiteElo "1979"]
[BlackElo "1897"]
[PlyCount "67"]
[EventDate "2017.??.??"]
[EventType "tourn"]
[EventRounds "9"]
[EventCountry "DEN"]

1. e4 c6 2. d4 d5 3. exd5 cxd5 4. c4 Nf6 5. Nc3 Nc6 6. Bg5 Be6 7. Nf3 h6 8.
Bxf6 exf6 9. c5 Be7 10. Bb5 O-O 11. O-O Qc7 12. a3 Rfd8 13. Ba4 Bg4 14. Qd3
Bxf3 15. gxf3 Qf4 16. Ne2 Qh4 17. Kh1 f5 18. f4 g6 19. Rg1 Kf8 20. Rg3 h5 21.
Rag1 Bf6 22. R1g2 Bg7 23. Rg5 Re8 24. b4 Re4 25. Bxc6 bxc6 26. R5g3 Rae8 27.
Re3 Bh6 28. Ng3 Rxf4 29. Rxe8+ Kxe8 30. Qa6 Rxd4 31. Qxc6+ Kf8 32. Qc8+ Ke7 33.
Qc7+ Ke6 34. Qd6# 1-0

[Event "Hillerod Klubmesterskab Mester"]
[Site "Hillerod"]
[Date "????.??.??"]
[Round "4"]
[White "Andersen, Soren Bull"]
[Black "Ramkilde, Mikael"]
[Result "1-0"]
[WhiteElo "2064"]
[BlackElo "1979"]
[PlyCount "99"]
[EventDate "2017.??.??"]
[EventType "tourn"]
[EventRounds "9"]
[EventCountry "DEN"]

1. d4 Nf6 2. c4 c5 3. d5 e6 4. Nc3 exd5 5. cxd5 d6 6. e4 g6 7. Nf3 Bg7 8. Bf4
O-O 9. Bd3 a6 10. O-O b5 11. h3 Re8 12. Re1 Bb7 13. Qd2 Qb6 14. a4 c4 15. a5
Qc7 16. Bc2 Nfd7 17. Bh6 Bh8 18. Nh2 Nc5 19. Ng4 Nbd7 20. Qf4 f6 21. Qg3 Re7
22. f4 Rae8 23. f5 b4 24. Bf4 Ne5 25. Bxe5 dxe5 26. fxg6 hxg6 27. d6 Qxd6 28.
Rad1 Nd3 29. Nd5 Bxd5 30. Bxd3 cxd3 31. exd5 Qc5+ 32. Ne3 Kf7 33. Rxd3 e4 34.
Rd2 f5 35. Kh1 Be5 36. Qg5 Bf6 37. Qf4 Be5 38. Qg5 Bf6 39. Qf4 Be5 40. Qf1 Bg3
41. Nxf5 gxf5 42. Qxf5+ Kg8 43. Qg6+ Kh8 44. Qxg3 e3 45. Rde2 Rg7 46. Qf3 Rge7
47. Qh5+ Kg8 48. Qg6+ Kh8 49. d6 Re6 50. d7 1-0

[Event "Hillerod Klubmesterskab Mester"]
[Site "Hillerod"]
[Date "????.??.??"]
[Round "4"]
[White "Holm, Henrik"]
[Black "Lavrsen, Frands Winther"]
[Result "1/2-1/2"]
[WhiteElo "1810"]
[BlackElo "1804"]
[PlyCount "73"]
[EventDate "2017.??.??"]
[EventType "tourn"]
[EventRounds "9"]
[EventCountry "DEN"]

1. d4 d5 2. c4 Nc6 3. Nc3 Nf6 4. cxd5 Nxd5 5. e4 Nxc3 6. bxc3 e5 7. d5 Nb8 8.
Nf3 Bd6 9. Bg5 f6 10. Be3 O-O 11. Bd3 Nd7 12. Qc2 Nc5 13. Bc4 Qe8 14. Nd2 f5
15. f3 Qg6 16. Nb3 Na4 17. O-O-O Ba3+ 18. Kb1 Nb2 19. Bd3 Nxd1 20. Rxd1 b6 21.
Rg1 a5 22. Qe2 fxe4 23. fxe4 Bg4 24. Qe1 a4 25. Nd2 Ra5 26. Nc4 Rxd5 27. Bc2
Rb5+ 28. Ka1 Be6 29. Nxa3 Ra5 30. h3 Qf7 31. Bb1 Qe7 32. Nc2 c5 33. Qg3 Bc4 34.
Na3 Bf1 35. Bf2 Ba6 36. Nc2 b5 37. Ne3 1/2-1/2

[Event "Hillerod Klubmesterskab Mester"]
[Site "Hillerod"]
[Date "????.??.??"]
[Round "4"]
[White "Jacobsen, Hans Endrup"]
[Black "Andersen, Ib Hother"]
[Result "1/2-1/2"]
[WhiteElo "1940"]
[BlackElo "2137"]
[PlyCount "49"]
[EventDate "2017.??.??"]
[EventType "tourn"]
[EventRounds "9"]
[EventCountry "DEN"]

1. d4 Nf6 2. c4 e6 3. Nf3 b6 4. e3 Bb7 5. Bd3 c5 6. O-O Be7 7. Nc3 d5 8. cxd5
exd5 9. b3 Nc6 10. Bb2 cxd4 11. exd4 O-O 12. Rc1 Re8 13. Re1 Bd6 14. g3 Rxe1+
15. Qxe1 Qd7 16. Ne5 Qe7 17. Nxc6 Qxe1+ 18. Rxe1 Bxc6 19. Bf5 g6 20. Bh3 Ne4
21. Rc1 Nxc3 22. Rxc3 Bb7 23. Re3 f5 24. Bf1 Kf7 25. f4 1/2-1/2

[Event "Hillerod Klubmesterskab Mester"]
[Site "Hillerod"]
[Date "????.??.??"]
[Round "4"]
[White "Oland, Arne"]
[Black "Kuhn, Morten"]
[Result "1-0"]
[WhiteElo "1897"]
[BlackElo "1890"]
[PlyCount "97"]
[EventDate "2017.??.??"]
[EventType "tourn"]
[EventRounds "9"]
[EventCountry "DEN"]

1. f4 d5 2. e3 g6 3. Nf3 Bg7 4. Nc3 c5 5. Be2 Nc6 6. O-O e5 7. fxe5 Nxe5 8.
Nxe5 Bxe5 9. d4 cxd4 10. exd4 Bc7 11. Bb5+ Kf8 12. Qf3 Be6 13. Ne2 a6 14. Bd3
f6 15. Bf4 Rc8 16. Rae1 Kg7 17. Bxc7 Rxc7 18. Nf4 Bf7 19. Ne6+ Bxe6 20. Rxe6
Rf7 21. Rfe1 Ne7 22. c3 Qc7 23. R1e3 Rhf8 24. Bc2 Rd8 25. Qe2 Nc6 26. Bb3 Na5
27. Re7 Rd7 28. Rxf7+ Kxf7 29. Re8 Nxb3 30. Qe6+ Kg7 31. axb3 f5 32. g3 h5 33.
Kg2 Rf7 34. Qxd5 Kh7 35. Qe5 Qxe5 36. Rxe5 Kg7 37. d5 Rd7 38. c4 Kf6 39. Re6+
Kf7 40. h4 b5 41. Rxa6 bxc4 42. bxc4 Rb7 43. c5 Rxb2+ 44. Kf3 Rb3+ 45. Kf4 Rb4+
46. Ke5 Re4+ 47. Kd6 f4 48. Ra7+ Kf6 49. gxf4 1-0

[Event "Hillerod Klubmesterskab Mester"]
[Site "Hillerod"]
[Date "????.??.??"]
[Round "4"]
[White "Pedersen, Christopher"]
[Black "Pedersen, Carsten"]
[Result "1-0"]
[WhiteElo "2088"]
[BlackElo "1947"]
[PlyCount "47"]
[EventDate "2017.??.??"]
[EventType "tourn"]
[EventRounds "9"]
[EventCountry "DEN"]

1. e4 e5 2. Nf3 Nc6 3. Bb5 d6 4. c3 Bd7 5. O-O Nf6 6. Qe2 a6 7. Ba4 g6 8. d3
Bg7 9. Rd1 O-O 10. Nbd2 Nd4 11. cxd4 Bxa4 12. b3 Bb5 13. a4 Bd7 14. dxe5 dxe5
15. Bb2 Bg4 16. Bxe5 Re8 17. Bb2 Qd7 18. h3 Bf5 19. Ne5 Qe6 20. exf5 Qxf5 21.
d4 c5 22. Ndf3 Nd7 23. Re1 f6 24. Qc4+ 1-0

[Event "Hillerod Klubmesterskab Mester"]
[Site "Hillerod"]
[Date "????.??.??"]
[Round "5"]
[White "Andersen, Ib Hother"]
[Black "Pedersen, Christopher"]
[Result "1-0"]
[WhiteElo "2137"]
[BlackElo "2088"]
[PlyCount "87"]
[EventDate "2017.??.??"]
[EventType "tourn"]
[EventRounds "9"]
[EventCountry "DEN"]

1. e4 c6 2. d4 d5 3. exd5 cxd5 4. Nf3 Nf6 5. Ne5 Nc6 6. Bb5 Qb6 7. Ba4 e6 8.
O-O Be7 9. c3 h6 10. Re1 Qa6 11. Nd2 b5 12. Bc2 Nxe5 13. dxe5 Nd7 14. Qg4 g5
15. Qh5 Bb7 16. Nf3 Bc5 17. Bxg5 Qb6 18. Bh4 a5 19. Rad1 Be7 20. Bxe7 Kxe7 21.
Qh4+ Ke8 22. Nd4 Rc8 23. Re3 h5 24. Rde1 b4 25. Ba4 bxc3 26. bxc3 Rc4 27. Bb3
Rc8 28. Nf5 exf5 29. e6 Nf8 30. Ba4+ Rc6 31. Qf6 Nxe6 32. Qxh8+ Ke7 33. Bxc6
Qxc6 34. Qh7 Kf6 35. Qh6+ Ke7 36. Qg7 Ke8 37. Qg8+ Ke7 38. f3 Qb6 39. Kh1 f4
40. Re5 h4 41. Qg4 Kf8 42. Qxh4 Qc6 43. Qf6 Ng7 44. Qd8+ 1-0

[Event "Hillerod Klubmesterskab Mester"]
[Site "Hillerod"]
[Date "????.??.??"]
[Round "5"]
[White "Kuhn, Morten"]
[Black "Andersen, Soren Bull"]
[Result "0-1"]
[WhiteElo "1890"]
[BlackElo "2064"]
[PlyCount "54"]
[EventDate "2017.??.??"]
[EventType "tourn"]
[EventRounds "9"]
[EventCountry "DEN"]

1. e4 d5 2. exd5 Nf6 3. Nf3 Nxd5 4. d4 Bg4 5. Be2 e6 6. O-O Be7 7. c4 Nb6 8. a4
a5 9. Be3 O-O 10. Nbd2 Nc6 11. h3 Bh5 12. Rc1 Bf6 13. Ne4 Be7 14. Nc3 Bxf3 15.
Bxf3 Nxc4 16. Nb5 Nxe3 17. fxe3 Ra6 18. Rc4 Rb6 19. e4 Rxb5 20. axb5 Nxd4 21.
e5 c5 22. bxc6 bxc6 23. Be4 c5 24. Ra4 g6 25. Qe1 Qb8 26. Qxa5 Qxe5 27. Ra3
Qxe4 0-1

[Event "Hillerod Klubmesterskab Mester"]
[Site "Hillerod"]
[Date "????.??.??"]
[Round "5"]
[White "Lavrsen, Frands Winther"]
[Black "Jacobsen, Hans Endrup"]
[Result "0-1"]
[WhiteElo "1804"]
[BlackElo "1940"]
[PlyCount "84"]
[EventDate "2017.??.??"]
[EventType "tourn"]
[EventRounds "9"]
[EventCountry "DEN"]

1. f4 d5 2. Nf3 Nf6 3. g3 c5 4. Bg2 Nc6 5. c3 e6 6. O-O Bd6 7. d3 O-O 8. Qc2
Qb6 9. Kh1 Bd7 10. e4 dxe4 11. dxe4 e5 12. Na3 Rfe8 13. Nc4 Qc7 14. Rd1 Bf8 15.
fxe5 Ng4 16. Bf4 Be6 17. Nd6 Bxd6 18. exd6 Qd7 19. e5 Bf5 20. Qe2 f6 21. Qc4+
Kh8 22. Qxc5 b6 23. Qg1 fxe5 24. Bg5 h6 25. h3 e4 26. Nd4 Nxd4 27. Rxd4 Ne5 28.
Bf4 Nd3 29. b3 Rad8 30. Qf1 Qe6 31. g4 Bg6 32. Bg3 Rf8 33. Qe2 Nf4 34. Bxf4
Rxf4 35. Rf1 Rxf1+ 36. Qxf1 Kh7 37. Qf4 e3 38. Be4 e2 39. Bxg6+ Qxg6 40. Re4
Re8 41. d7 Qxe4+ 42. Qxe4+ Rxe4 0-1

[Event "Hillerod Klubmesterskab Mester"]
[Site "Hillerod"]
[Date "????.??.??"]
[Round "5"]
[White "Pedersen, Carsten"]
[Black "Oland, Arne"]
[Result "0-1"]
[WhiteElo "1947"]
[BlackElo "1897"]
[PlyCount "78"]
[EventDate "2017.??.??"]
[EventType "tourn"]
[EventRounds "9"]
[EventCountry "DEN"]

1. d4 e6 2. c4 d5 3. cxd5 exd5 4. Nc3 Nf6 5. Bf4 Be7 6. Nf3 O-O 7. a3 c6 8. h3
Re8 9. e3 Bf5 10. Qb3 Qb6 11. Qxb6 axb6 12. Be2 Nbd7 13. O-O h6 14. Rfe1 b5 15.
g4 Bh7 16. Nd2 g5 17. Bg3 Bf8 18. Bf1 b4 19. axb4 Bxb4 20. Bg2 Kg7 21. Kh2 Bg6
22. Rxa8 Rxa8 23. f4 Bxc3 24. bxc3 Ra2 25. Re2 Be4 26. fxg5 hxg5 27. Rf2 Bxg2
28. Kxg2 Ra3 29. Nf3 Ne4 30. Rc2 b5 31. Be1 f6 32. h4 gxh4 33. Nxh4 Nb6 34.
Nf5+ Kf7 35. Kf3 Nc4 36. Rh2 Ng5+ 37. Kf4 Ra1 38. Bh4 Rf1+ 39. Rf2 Nh3+ 0-1